000 00790nam a2200229 a 4500
001 BRCA_2315
005 20190320203746.0
008 200808s2008----mx-a---###---#000-0#spa-#
020 _a9789689068440
050 4 _aGN434
_b.M46 2008
100 1 _aMeneses Lozano, Hector Manuel
_96959
245 1 0 _aUn paño novohispano, tesoro del arte plumaria
_cHector Manuel Meneses Lozano.
260 _aMéxico
_bApoyo al Desarrollo de Archivos y Bibliotecas de México
_c2008
300 _a151 p.
_bil. a color
_c28 cm.
500 _aIncluye glosario
500 _aLa biblioteca cuenta con 2 ejemplares
504 _aBibliografía: p. 140-145
650 1 4 _aArte plumario
_zPuebla, México
_96960
650 1 4 _aTextil
_xPaño novohispano
_zPuebla, México
_96961
653 0 _aADABI
942 _2lcc
_cB
999 _c2060
_d2060